Idaho, a bicentennial history /

Saved in:
Bibliographic Details
Main Author: Peterson, Frank Ross
Format: Book
Language:English
Published: New York : Norton, c1976.
Series:States and the Nation.
Subjects:
LEADER 00999nam a2200289 i 4500
001 c000328980
003 CARM
005 00000000000000.0
008 760716s1976 nyuaf b 00110 eng
019 1 |a 769634  |5 LACONCORD2021 
020 |a 0393056007 
035 |a (OCoLC)2373390  |5 LACONCORD2021 
043 |a n-us-id 
050 0 0 |a F746  |b .P47 
100 1 |a Peterson, Frank Ross. 
245 1 0 |a Idaho, a bicentennial history /  |c F. Ross Peterson. 
260 |a New York :  |b Norton,  |c c1976. 
300 |a xi, 203 p., [8] leaves of plates :  |b ill. ;  |c 22 cm. 
490 0 |a The States and the Nation series 
500 |a Includes index. 
504 |a Bibliography: p. 193-195. 
651 0 |a Idaho  |x History. 
830 0 |a States and the Nation. 
852 8 |b CARM  |h A1:AN21A0  |i B08789  |p 0414999  |f BK 
082 0 4 |a 979.6 
999 f f |i 6124e8b0-00bb-5d24-b96c-f99e51d20c92  |s 125ae168-40b9-58cf-b764-d2caa0784cbb 
952 f f |p Can circulate  |a CAVAL  |b CAVAL  |c CAVAL  |d CARM 1 Store  |e B08789  |f A1:AN21A0  |h Other scheme  |i book  |m 0414999